Law Relating to Central Armed Police Forces & AR (including leading case laws) (Record no. 7849)

MARC details
000 -LEADER
fixed length control field 00550nam a22001817a 4500
003 - CONTROL NUMBER IDENTIFIER
control field OSt
005 - DATE AND TIME OF LATEST TRANSACTION
control field 20260402093133.0
008 - FIXED-LENGTH DATA ELEMENTS--GENERAL INFORMATION
fixed length control field 260402b |||||||| |||| 00| 0 eng d
020 ## - INTERNATIONAL STANDARD BOOK NUMBER
International Standard Book Number 9789364527705
040 ## - CATALOGING SOURCE
Transcribing agency IIMV Library
050 ## - LIBRARY OF CONGRESS CALL NUMBER
Classification number 343.54 PRA
082 ## - DEWEY DECIMAL CLASSIFICATION NUMBER
Classification number 343.54 PRA
100 ## - MAIN ENTRY--PERSONAL NAME
Personal name Shakti Prakash
Dates associated with a name Himanshu Gautam
9 (RLIN) 35091
245 ## - TITLE STATEMENT
Title Law Relating to Central Armed Police Forces & AR (including leading case laws)
260 ## - PUBLICATION, DISTRIBUTION, ETC.
Place of publication, distribution, etc. London
Name of publisher, distributor, etc. Bluerose Publishers
Date of publication, distribution, etc. 9 October 2024
300 ## - PHYSICAL DESCRIPTION
Extent 403 pages
Dimensions 15.24 x 2.79 x 22.86 cm
942 ## - ADDED ENTRY ELEMENTS (KOHA)
Source of classification or shelving scheme Dewey Decimal Classification
Koha item type Book
Holdings
Date last seen Total Checkouts Full call number Barcode Cost, replacement price Price effective from Koha item type Lost status Source of classification or shelving scheme Damaged status Not for loan Withdrawn status Home library Current library Shelving location Date acquired BOOK NO
04/02/2026   343.54 PRA 004433 354.00 04/02/2026 Book   Dewey Decimal Classification       Indian Institute of Management Visakhapatnam Indian Institute of Management Visakhapatnam General 04/02/2026 PRA

Copyright © 2024 Indian Institute of Management Visakhapatnam
Koha v23.05